00629nam a2200193Ia 450000500170000000800410001702000170005804000190007504100120009408200130010610000230011924501220014226000540026430000160031850400500033465000160038465100250040085000100042520210909122712.0131103s9999 xx 000 0 und d a014 055086 0 aLoreto College aEnglish a320bMOO aMoore, Barrlington aSocial origins of dictatorship and democracyb lord and peasant in the making of the modern world cBarrlington Moore aHarmondsworthbPenguin Booksc1966(1979 printing) axvi,559 p.  aIncludes bibliographical references and index aPolitics -  aPolitical Science -  aLCLIB